Multidisciplinary management of chronic pain : a practical guide for clinicians
Saved in:
| Main Author | |
|---|---|
| Format | Electronic eBook |
| Language | English |
| Published |
Cham :
Springer,
[2015]
|
| Subjects | |
| Online Access | Full text |
| ISBN | 9783319203225 9783319203218 |
| Physical Description | 1 online zdroj : ilustrace |
Cover
| LEADER | 00000nam a2200000 i 4500 | ||
|---|---|---|---|
| 001 | 114032 | ||
| 003 | CZ-ZlUTB | ||
| 005 | 20260525093950.0 | ||
| 006 | m o d | ||
| 007 | cr cnu|||unuuu | ||
| 008 | 150831t20152015sz a fof 001 0deng d | ||
| 020 | |a 9783319203225 |q (electronic bk.) | ||
| 020 | |z 9783319203218 | ||
| 024 | 7 | |a 10.1007/978-3-319-20322-5 |2 doi | |
| 040 | |a EBZ |b eng |c EBZ |e rda | ||
| 072 | 7 | |a 616 |x Patologie. Klinická medicína |2 Konspekt |9 14 | |
| 080 | |a 616.8-009.7 |2 MRF | ||
| 080 | |a 616.8-009.7 |2 MRF | ||
| 080 | |a 616.8-009.7-08 |2 MRF | ||
| 080 | |a (0.034.2:08) |2 MRF | ||
| 080 | |a (035) |2 MRF | ||
| 100 | 1 | |a Vasudevan, Sridhar V., |e author. | |
| 245 | 1 | 0 | |a Multidisciplinary management of chronic pain : |b a practical guide for clinicians / |c Sridhar Vasudevan. |
| 264 | 1 | |a Cham : |b Springer, |c [2015] | |
| 264 | 4 | |c ©2015 | |
| 300 | |a 1 online zdroj : |b ilustrace | ||
| 336 | |a text |b txt |2 rdacontent | ||
| 337 | |a počítač |b c |2 rdamedia | ||
| 338 | |a online zdroj |b cr |2 rdacarrier | ||
| 504 | |a Obsahuje bibliografické odkazy a rejstřík | ||
| 506 | |a Plný text je dostupný pouze z IP adres počítačů Univerzity Tomáše Bati ve Zlíně nebo vzdáleným přístupem pro zaměstnance a studenty | ||
| 588 | 0 | |a Online resource; title from PDF title page (EBSCO, viewed September 1, 2015). | |
| 650 | 0 | 7 | |a chronická bolest |7 ph134823 |2 czenas |
| 650 | 0 | 7 | |a bolest |7 ph118958 |2 czenas |
| 650 | 0 | 7 | |a terapie bolesti |7 ph135067 |2 czenas |
| 650 | 0 | 9 | |a chronic pain |2 eczenas |
| 650 | 0 | 9 | |a pain |2 eczenas |
| 650 | 0 | 9 | |a pain therapy |2 eczenas |
| 655 | 7 | |a elektronické knihy |7 fd186907 |2 czenas | |
| 655 | 7 | |a příručky |7 fd133209 |2 czenas | |
| 655 | 9 | |a electronic books |2 eczenas | |
| 655 | 9 | |a handbooks and manuals |2 eczenas | |
| 776 | 0 | 8 | |i Print version: Vasudevan, Sridhar V. |t Multidisciplinary management of chronic pain. |d Cham : Springer, [2015] |z 9783319203218 |w (DLC) 2015943060 |
| 856 | 4 | 0 | |u https://search.ebscohost.com/login.aspx?direct=true&scope=site&db=nlebk&db=nlabk&AN=1057442&authtype=ip,shib&custid=s3936755 |
| 942 | |2 udc | ||
| 992 | |c EBOOK-TN |c EBSCO | ||
| 993 | |x NEPOSILAT |y EIZ | ||
| 999 | |c 114032 |d 114032 | ||